| 000 | 00779nam a2200265 a 4500 | ||
|---|---|---|---|
| 005 | 20140310183512.0 | ||
| 008 | 101011s19uu xx 00 eng d | ||
| 020 | _a9780495806813 | ||
| 050 |
_aQA 76.5 _b.Sh4577 2010 |
||
| 100 | _aShelly, Gary B. | ||
| 245 |
_aDiscovering computers 2010 complete : _bliving in a digital world / _cGary B. Shelly. |
||
| 260 |
_aBoston, MA : _bCengage Learning, _c2010. |
||
| 300 |
_a830 p. : _bcol. ill. ; _c28 cm. |
||
| 521 | _aIT | ||
| 650 | _aComputer science. | ||
| 650 | _aComputers. | ||
| 650 | _aComputer networks. | ||
| 650 | _aElectronic data processing. | ||
| 700 | _aVermaat, , Misty E. | ||
| 700 | _aQuasney, Jeffrey | ||
| 700 | _aSebok, Susan | ||
| 700 | _aFreund, Steven | ||
| 942 |
_cBK _2lcc _kFOR |
||
| 999 |
_c24203 _d24203 |
||